000 00850nam a2200241 i 4500
003 DO-SdBNP
005 20250522100051.0
007 ta
008 250522b2024 dr a|||| |||| 00| 0 spa d
020 _a9789945223972
040 _aDO-SdBNP
_bspa
_cBNPHU
_erda
041 _aspa
082 4 _axxx
_bxxx
_222
100 _aCastillo Betancourt, Ana María del Rosario,
_eautor
_4aut.
_987291
245 1 0 _aDel otro lado del charco /
_bAna María del Rosario Castillo Betancourt ; corrección y prólogo, José Rafael Sosa
264 _aSanto Domingo :
_bEditorial Búho,
_c2024.
300 _a129 páginas :
_bilustraciones ;
_c22 cm.
500 _aIncluye datos biográficos del autor en las solapas
590 _aInventariado, 2025/BT
700 _aSosa, José Rafael,
_ecorrector y prologuista
_4corr., pr.
910 _aBtavárez
942 _2ddc
_cLBS1
999 _c58542
_d58542